| 000 | 01587cam a2200421Ma 4500 | ||
|---|---|---|---|
| 001 | 53892 | ||
| 005 | 20230410103924.0 | ||
| 008 | 060712s2007 fr 000 0 fre d | ||
| 035 | _a(OCoLC)ocn424283071 | ||
| 040 |
_aU9S _bfre _cU9S _dZWZ |
||
| 020 | _a9782707150721 | ||
| 020 | _a270715072X | ||
| 029 | 1 |
_aZWZ _b112346766 |
|
| 035 | _a(OCoLC)424283071 | ||
| 050 | 1 | 4 |
_a439 DS 62.8 _bF538g 2007 |
| 100 | 1 | _aFisk, Robert. | |
| 245 | 1 | 3 |
_aLa grande guerre pour la civilisation : _bl'Occident a la conquéte du Moyen-Orient (1979-2005) / _cRobert Fisk ; traduit de l'anglais par Laurent Bury ... [et al.]. |
| 260 |
_aParis : _bLa Découverte, _cc2007. |
||
| 300 | _a956 p. | ||
| 440 | 3 |
_aLa Découverte/Poche. _pEssais ; _v241 |
|
| 651 | 0 |
_aMiddle East _xHistory, Military _y20th century. |
|
| 651 | 0 |
_aMiddle East _xHistory, Military _y21st century. |
|
| 650 | 0 |
_aWar and society _zMiddle East. |
|
| 651 | 0 |
_aMiddle East _xColonization. |
|
| 651 | 0 |
_aUnited States _xRelations _zMiddle East. |
|
| 651 | 0 |
_aMiddle East _xRelations _zUnited States. |
|
| 651 | 4 |
_aMedio Oriente _xHistoria military _ySiglo XX. |
|
| 651 | 4 |
_aMedio Oriente _xHistoria militar _ySiglo 20. |
|
| 651 | 4 |
_aMedio Oriente _xHistoria militar _ySiglo 21. |
|
| 650 | 4 |
_aGuerra y sociedad _zMedio Oriente. |
|
| 650 | 4 |
_aMedio Oriente _xColonización. |
|
| 650 | 4 |
_aEstados Unidos _xRelaciones _zMedio Oriente. |
|
| 650 | 4 |
_aMedio Oriente _xRelaciones _zEstados Unidos. |
|
| 765 | 0 | _tGreat war for civilization : the conquest of the Middle East | |
| 942 |
_2lcc _cbk |
||
| 946 | _amjcruz | ||
| 994 |
_aC0 _bDRFGD |
||
| 999 |
_c28485 _d28485 |
||